BBL05 teams - Statistics

General Stats
  • This quiz has been taken 78 times
  • The average score is 3 of 9
Answer Stats
Hint Answer % Correct
Brisbane Heat Chris Lynn
88%
Sydney Thunder Usman Khawaja
52%
Sydney Thunder Shane Watson
34%
Melbourne Stars Kevin Pieterson
23%
Adelaide Strikers Adil Rashid
22%
Hobart Hurricanes Dan Christian
22%
Sydney Sixers Michael Lumb
19%
Perth Scorchers David Willey
11%
Melbourne Renegades Dwayne Bravo
11%
No matching quizzes found
Score Distribution
Percent of People with Each Score
Percentile by Number Answered
Your Score History
You have not taken this quiz